000 00439nam a2200181Ia 4500
001 12862
005 20260306163012.0
008 260306t1945||||xx |||||||||||||| ||spa||
041 _aESP
082 _aRD 398.03
_bC24
100 _aCamino Calderón, Carlos
_eAUT
245 0 _aDiccionario folklórico del Perú
260 _c1945
300 _a227 páginas :
_c22 cm.
650 _aGEN
654 _aCHU
942 _cDIC
_dJUS
_fJUS
_2ddc
_n
999 _c12862
_d12862